Politická filosofie 20. století / Karl Ballestrem, Henning Ottmann
Sborník věnovaný hlavním proudům a představitelům politického myšlení 20. století.
Record details
- ISBN: 80-85241-52-8
- Physical Description: 302 s. ; 20 cm
- Edition: 1. vyd.
- Publisher: Praha : OIKOYMENH, 1993
Search for related items by subject
| Subject: | 20. století dějiny filozofie politická filozofie politická filosofie |
Search for related items by series
Available copies
- 1 of 1 copy available at Common Catalog SPOK.
Holds
- 0 current holds with 1 total copy.
Show Only Available Copies
| Location | Call Number / Copy Notes | Barcode | Shelving Location | Status | Due Date |
|---|---|---|---|---|---|
| Jabok Library | Soc-5.2 | 424480001069 | Odborná literatura | Available | - |
| LDR | 02608cam a22007697a 4500 | ||
|---|---|---|---|
| 001 | 9322 | ||
| 003 | CZ-PrJAB | ||
| 005 | 20170627124054.0 | ||
| 007 | ta | ||
| 008 | 950621s1993 xr |||||r|||||||| ||cze|d | ||
| 015 | . | ‡acnb000086271 | |
| 020 | . | ‡a80-85241-52-8 | |
| 035 | . | ‡a(CZ PrSKC)etf000135069 | |
| 035 | . | ‡a(OCoLC)39587008 | |
| 040 | . | ‡aABD027 ‡bcze ‡cABD027 ‡dABD027 ‡dABD067 | |
| 041 | 1 | . | ‡acze ‡hger |
| 080 | . | ‡a32 | |
| 080 | . | ‡a14 | |
| 100 | 1 | . | ‡aBallestrem, Karl, ‡d1939-2007 ‡7jo2002103453 ‡4aut |
| 245 | 1 | 0. | ‡aPolitická filosofie 20. století / ‡cKarl Ballestrem, Henning Ottmann |
| 250 | . | ‡a1. vyd. | |
| 260 | . | ‡aPraha : ‡bOIKOYMENH, ‡c1993 | |
| 300 | . | ‡a302 s. ; ‡c20 cm | |
| 490 | 1 | . | ‡aOikúmené |
| 520 | . | ‡aSborník věnovaný hlavním proudům a představitelům politického myšlení 20. století. | |
| 650 | 0 | 7. | ‡a20. století ‡2ctt |
| 650 | 0 | 7. | ‡adějiny filozofie ‡2ctt |
| 650 | 0 | 7. | ‡apolitická filozofie ‡2ctt |
| 650 | 0 | 4. | ‡apolitická filosofie |
| 700 | 1 | . | ‡aOttmann, Henning ‡4aut |
| 765 | 0 | . | ‡tPolitische Philosophie des 20. Jahrhunderts |
| 830 | 0. | ‡aOikúmené | |
| 910 | . | ‡aABG312 | |
| 901 | . | ‡a9322 ‡bUnknown ‡c9322 ‡tbiblio | |